Systém manažérstva kvality a jeho aplikácia a certifikácia v praxi dizertačná práca

Salvato in:
Dettagli Bibliografici
Autore principale: Brna, Radoslav
Ente Autore: Ekonomická univerzita v Bratislave. Obchodná fakulta
Altri autori: Karkalíková, Marta
Natura: Libro
Lingua:slovacco
Pubblicazione: Bratislava 2010
Soggetti:
Tags: Aggiungi Tag
Nessun Tag, puoi essere il primo ad aggiungerne!!

MARC

LEADER 00000nam a2200000 4500
001 0123805
005 20230227093105.5
041 0 |a slo 
044 |a SK 
245 1 0 |a Systém manažérstva kvality a jeho aplikácia a certifikácia v praxi  |b dizertačná práca  |c Radoslav Brna ; škol. Marta Karkalíková 
264 1 |a Bratislava  |c 2010 
300 |a 198 s. 
610 2 0 |a riadenie kvality 
610 2 0 |a systémy riadenia 
610 2 0 |a certifikáty 
100 1 |a Brna, Radoslav 
700 1 |a Karkalíková, Marta 
710 2 |a Ekonomická univerzita v Bratislave. Obchodná fakulta